| 000 | 00321cam a22001217a 4500 | ||
|---|---|---|---|
| 008 | 180718b1955 xxu||||| |||| 00| 0 eng d | ||
| 082 | _aT1 M821 | ||
| 100 | _aMorgan, E. Victor | ||
| 245 |
_aFirst approach to economics _cby E. Victor Morgan |
||
| 260 |
_aLondon _bISAAC _c1955 |
||
| 300 | _aviii,456p. | ||
| 650 | _aEconomics | ||
| 999 |
_c437977 _d437977 |
||